Japan-ness in Architecture (Record no. 12796)

000 -LEADER
fixed length control field 00364 a2200157 4500
003 - CONTROL NUMBER IDENTIFIER
control field OSt
005 - DATE AND TIME OF LATEST TRANSACTION
control field 20240708164913.0
008 - FIXED-LENGTH DATA ELEMENTS--GENERAL INFORMATION
fixed length control field 240708b ||||| |||| 00| 0 eng d
020 ## - INTERNATIONAL STANDARD BOOK NUMBER
International Standard Book Number 9780262516051
082 ## - DEWEY DECIMAL CLASSIFICATION NUMBER
Classification number [720.952]
100 ## - MAIN ENTRY--PERSONAL NAME
Personal name Arata Isozaki
245 ## - TITLE STATEMENT
Title Japan-ness in Architecture
260 ## - PUBLICATION, DISTRIBUTION, ETC. (IMPRINT)
Name of publisher, distributor, etc The MIT Press
Date of publication, distribution, etc 2011
300 ## - PHYSICAL DESCRIPTION
Extent 349p;
942 ## - ADDED ENTRY ELEMENTS (KOHA)
Source of classification or shelving scheme
Holdings
Withdrawn status Lost status Source of classification or shelving scheme Damaged status Koha normalized classification for sorting Not for loan Permanent location Current location Date acquired Source of acquisition Cost, normal purchase price Total Checkouts Full call number Barcode Date last seen Date last borrowed Cost, replacement price Price effective from Koha item type
        720_952   BMS College of Architecture, Design and Planning BMS College of Architecture, Design and Planning 2024-07-08 1 1744.34 1 [720.952] AR-UG4007 2024-08-12 2024-08-12 2325.78 2024-07-08 B.PLAN
Copyright © 2025, The Librarian, Library and Information Centre, BMSCA D&P, Bengaluru. All Rights Reserved
web counter

Powered by Koha